[Event "Mitropa Cup 19th"]
[Site "Baden"]
[Date "1999.04.01"]
[Round "1"]
[White "Vavrak, Peter"]
[Black "Bellini, Fabio"]
[Result "0-1"]
[WhiteElo "2233"]
[BlackElo "2418"]
[Annotator "Tsesarsky"]
[PlyCount "46"]
[EventDate "1999.04.??"]
[EventType "team-tourn"]
[EventRounds "9"]
[EventCountry "SUI"]
[Source "ChessBase"]
[SourceDate "1999.08.01"]

1. d4 d5 2. Nf3 Nf6 3. c4 e6 4. e3 $6 $132 {This move is bad, White don't want
to fight for opening advantage.} Be7 5. Bd3 O-O 6. Nbd2 (6. O-O b6 (6... dxc4
7. Bxc4 c5 (7... a6 8. Qe2 b5 (8... c5 9. dxc5 Nc6 10. a3 Bxc5 11. b4 Bd6 12.
Bb2 e5 13. e4 Bg4 14. Nbd2 Nh5 $11 {1-0 Malaniuk,V-Campos,J/Oviedo rapid 1993 
(32)}) 9. Bb3 Bb7 10. Nc3 Nbd7 11. Rd1 c5 12. Bd2 Qb6 13. Be1 Rfd8 14. Rac1
Rac8 $11 {1/2-1/2 Lisitsin,G-Romanovsky,P/URS ch 1939 (24)}) 8. Qe2 cxd4 (8...
Nc6 9. dxc5 Bxc5 10. Rd1 Qc7 11. a3 b6 (11... a6 $11) 12. b4 Be7 13. Bb2 Bb7
14. Nbd2 Rfd8 (14... Rac8 15. Rac1 Qb8 $132) 15. Rac1 a6 16. Bd3 b5 (16... Qd7
$2 17. Nc4 Qc7 18. Nce5 $16 {1-0 Marin,D-Carrasco,M/Santomera ch-MU 1993 (29)})
17. Nb3 $14) (8... a6 9. a3 b5 10. Ba2 Nbd7 11. Nc3 Bb7 12. Rd1 Qc7 13. Bd2
Rac8 14. Rac1 Qb8 $11 {1-0 Elissalt Cardenas,H-Fandino,R/Capablanca mem
Masters II, Havana CUB 1998 (33)}) 9. exd4 Nc6 10. Rd1 b6 11. Nc3 Nb4 12. Bg5
Bb7 13. Ne5 Nfd5 14. Bxe7 Qxe7 15. a3 Nf4 16. Qg4 Nbd5 17. Nxd5 Nxd5 18. Re1
Rad8 19. Bd3 (19. Rad1 $132) 19... f5 20. Qg3 Nf6 21. Qh4 $11 (21. Rac1 $2 Rxd4
$17 {0-1 Kasparov,G-Dolmatov,S/Moscow 1977 (25)})) (6... Nbd7 7. b3 c6 8. Bb2
Re8 9. Nbd2 h6 10. e4 dxe4 11. Nxe4 Nxe4 12. Bxe4 Nf6 13. Bc2 Bb4 14. Qd3 g6
15. Ne5 Qc7 16. Rad1 Bd6 17. f4 $14 {0-1 Isachsen,H-Wold,E/Molde 1992 (38)}) (
6... c5 7. dxc5 Na6 8. cxd5 Nxc5 9. Nc3 Nxd5 10. Nxd5 Qxd5 11. Be2 $11 {1/2-1/
2 Bruk,O-Huzman,A/ISR-chT  (Givataim-Beer1) 1996 (94)}) 7. b3 Bb7 (7... c5 8.
Bb2 Nc6 9. Nbd2 Bb7 10. Qe2 dxc4 (10... Rc8 11. Rad1 Rc7 12. dxc5 Bxc5 13. cxd5
Nxd5 14. Ne4 Be7 15. Ne5 Qe8 16. Nxc6 Bxc6 17. Qg4 g6 $11 {0-1 Platonov,
I-Kuijpers,F/Wijk aan Zee 1970 (57)}) 11. bxc4 Qc7 12. Rad1 Rfd8 13. a3 Rac8
14. Rfe1 cxd4 15. exd4 Qf4 $132 {1-0 Doettling,F-Kosyrev,V/EuYouth U18 Boys,
Tallinn EST 1997 (22)}) 8. Bb2 dxc4 9. bxc4 c5 10. Nbd2 cxd4 11. exd4 Nc6 12.
Rc1 Re8 13. Qe2 g6 14. Rfd1 Bf8 15. Bc2 Bg7 16. Ba4 Rc8 17. Ne5 Re7 $132 {1/
2-1/2 Polgar,Z-Tischbierek,R/Budapest Elekes 1983 (78)}) (6. b3 dxc4 7. bxc4 c5
8. O-O Nc6 9. Bb2 b6 10. Nbd2 Nb4 11. Bb1 Bb7 12. Qe2 Rc8 13. Ne5 Nc6 14. f4
cxd4 15. Nxc6 Bxc6 16. exd4 Qc7 $132 {1/2-1/2 Vragoteris,A-Tsarouhas,K/
Iraklion 1992 (23)}) 6... b6 7. O-O Bb7 8. b3 Nbd7 9. Bb2 Ne4 10. Qe2 (10. Rc1
Rc8 11. Qe2 c5 12. Rfd1 Bf6 13. Ne5 Nxd2 14. Qxd2 cxd4 15. exd4 dxc4 16. Nxc4
Nb8 17. Ne3 Qd6 $132 {1/2-1/2 Fuhrmann,D-Mach,H/Berlin Summer ,EXT 1993 (29)})
10... a5 (10... Bd6 11. Rac1 Qe7 12. Rfd1 Rad8 13. cxd5 exd5 14. Bb5 c5 15.
dxc5 bxc5 16. Bxd7 Rxd7 17. Nxe4 Qxe4 18. Ba3 Rc8 19. Qb5 Qe7 20. Qd3 Qf6 $15 {
0-1 Berg,K-Korzubov,P/Pernik 1984 (36)}) 11. Bc2 f5 (11... Bd6 12. Nxe4 dxe4
13. Nd2 f5 14. f4 Nf6 $132) 12. Nxe4 dxe4 (12... fxe4 13. Nd2 Bd6 14. Qg4 Qe7
15. f3 exf3 16. Nxf3 Nf6 $132) 13. Nd2 Qe8 (13... Bd6 14. f4 $132) 14. a3 Bd6
15. f4 exf3 (15... Nf6 $132) 16. Nxf3 Qh5 17. Rae1 (17. Bd3 $132) 17... Nf6 (
17... Be4 18. Bd1 $1 $132 (18. Bxe4 fxe4 19. Ne5 Rxf1+ 20. Qxf1 Bxe5 21. dxe5
Nc5 $17 {[%csl Rb2,Rd3]}) (18. Ne5 Qxe2 19. Rxe2 Nxe5 20. dxe5 Bxc2 21. Rxc2
Bc5 22. Kf2 f4 $17)) 18. c5 $2 $17 {White tries to receive counterplay in the
Q side and sacrifise P. But this decision is wrong!} (18. Ne5 Qxe2 19. Rxe2
Bxe5 20. dxe5 Ne4 21. Ree1 $11) 18... bxc5 (18... Bxf3 19. gxf3 bxc5 20. dxc5
Bxc5 21. Qc4 f4 (21... Bxe3+ $2 22. Rxe3 (22. Kh1 f4 23. Qxe6+ Kh8 $17) 22...
Qg5+ 23. Kf2 Ng4+ 24. fxg4 fxg4+ 25. Ke2 Rxf1 26. Qxe6+ $18) 22. Bd4 Bxa3 23.
Qxe6+ Kh8 24. exf4 Bc5 $17) 19. dxc5 (19. Ne5 Qxe2 20. Rxe2 Ba6 21. Nd3 Ne4 $17
) 19... Bxc5 $5 (19... Ba6 20. Bd3 Bxd3 21. Qxd3 Bxc5 22. Qc4 Bd6 23. Qxe6+ Kh8
24. Bxf6 Rxf6 25. Qc4 $15) (19... Bxf3 $1 20. gxf3 Bxc5 $17) 20. Qc4 (20. Qb5
Bb6 $17) 20... Bd6 (20... Ne4 21. Qxe6+ Kh8 $132) 21. Qxe6+ Kh8 22. Ne5 (22.
Qxf5 Bxf3 23. Rxf3 Qxh2+ $19) 22... Rae8 $4 $16 (22... Rfe8 $1 23. Nf7+ Kg8 24.
Nh6+ Kf8 $19) 23. Qxf5 Bxe5 $4 $18 (23... Bxe5 $4 24. Qxh5 (24. Bxe5 $4 Rxe5
$19) 24... Nxh5 25. Rxf8+ Rxf8 26. Bxe5 $18) (23... Qh6 24. Qf4 Qxf4 25. exf4
$16) 0-1

[Event "Mitropa Cup 19th"]
[Site "Baden"]
[Date "1999.04.02"]
[Round "2"]
[White "Boyd, Stephen"]
[Black "Bellini, Fabio"]
[Result "0-1"]
[WhiteElo "2370"]
[BlackElo "2418"]
[Annotator "Horn,Pe"]
[PlyCount "60"]
[EventDate "1999.04.??"]
[EventType "team-tourn"]
[EventRounds "9"]
[EventCountry "SUI"]
[Source "ChessBase"]
[SourceDate "1999.08.01"]

1. g3 d5 2. Bg2 Nf6 3. d3 g6 4. Nf3 Bg7 5. O-O O-O 6. Nbd2 Nc6 7. e4 e5 8. c3
a5 9. a4 Re8 10. Re1 h6 11. exd5 Nxd5 12. Nc4 Bf5 13. Ra3 $5 {[%cal Ya3b3]
Mowsziszians ehrgeizige Idee: Der Turm soll über b3 ins Spiel eingreifen.} (13.
Qb3 Bxd3 {Am einfachsten; die Alternativen waren zwar in der Praxis sehr
erfolgreich, scheinen mir aber weniger zweckmäßig.} (13... Nb6 14. Nxb6 cxb6
15. Be3 Bxd3 (15... Qxd3 16. Rad1 (16. Qxb6) 16... Qc2 17. Qxb6 Qxa4 18. Nd2 (
18. b3 Qa3 19. Qxb7) 18... Nd8 19. b3 Qa2 20. Ne4 $13 {Kapischka,J-Lehmann,H/2.
BLN 1992}) 16. Rad1 Qf6 17. Bxb6 e4 18. Nd2 Qf5 19. Re3 Re6 20. Rde1 Rae8 21.
f3 exf3 22. Rxe6 Rxe6 23. Rxe6 fxe6 24. Bxf3 Bc2 25. Qb5 Ne5 26. Bxb7 Bd3 27.
Qc5 (27. Qxa5) 27... Qh5 28. Qe3 Qd1+ 29. Kg2 Qc2 $2 (29... Qxa4 $11) 30. b3
Kh7 31. h3 $2 (31. Bxa5 Ng4 32. Qe1 $18) 31... Qxc3 32. Kh2 h5 33. Qf2 Bc2 34.
Qe3 Nd7 35. Qxc3 Bxc3 $17 {Franklin,M-Whiteley,A/GB-ch Rhyl 1969}) (13... Qd7
14. Bd2 (14. Bxh6 $1 Bxh6 15. Nfxe5 Qe6 16. Qxb7 $16) 14... Rad8 15. d4 exd4
16. Nxd4 Nxd4 17. cxd4 Bxd4 18. Qxb7 Rxe1+ 19. Rxe1 Nb6 20. Nxb6 $2 cxb6 (20...
Bxf2+ $19) 21. Qxd7 Rxd7 $11 {D'Amore,C-Kovacs,L/Rome 1983}) (13... e4 14. dxe4
Bxe4 15. Be3 (15. Qxb7 $5) 15... Nxe3 {1/2-1/2 Franz,K-Floeter,F/OLO-A 1995})
14. Ncxe5 $1 (14. Qxb7 $2 Qd7 $1 (14... e4 15. Nfd2 Qd7 16. Qb3 Rab8 $17 {
McDonald,N-Romanishin,O/Tbilisi 1986}) 15. Qb5 (15. Qb3 Rab8 16. Qa2 e4 17.
Nfd2 Ndb4 $1 $19) 15... Rab8 16. Qa6 e4 17. Nfd2 Ra8 {0-1 Kapischka,J-Lagunov,
A/2.BLN 1993}) (14. Nfd2 Qd7 15. Ne4 Bxe4 16. Bxe4 Qe6 {1/2:1/2 Sher-Wells/
Isle of Man/1995}) 14... Bxe5 15. Rd1 Nb6 16. Bf1 Bc4 17. Bxc4 Qf6 18. Rd3 (18.
Nxe5 Nxe5 19. Be2 $14) 18... g5 19. Kg2 Qg6 20. Re3 Bd6 $11 {Martinovic,
S-Panchenko,A/Lublin 1977}) (13. Nh4 Be6 14. Nf3 {Lädt Schwarz zur
Zugwiederholung ein, was normalerweise nicht im Interesse von Weiß liegen
sollte. Allerdings steht der Nh4 eh abseits und die Alternativen hinterlassen
auch keinen nachhaltigen Eindruck:} (14. Bd2 Qd7 15. Nf3 (15. Qb3 Nde7 16. Bf1
Rad8 17. Rad1 b6 18. Bc1 g5 $17 {Frias,V-Baburin,A/San Francisco 1997}) 15...
Bf5 16. Qb3 $5 Rad8 (16... Bxd3 $6 17. Nfxe5 $1) 17. Rad1 $2 (17. Bf1 $11)
17... Bxd3 $1 18. Ncxe5 $6 Nxe5 19. Nxe5 Rxe5 20. Rxe5 Bxe5 21. Bxh6 {Gufeld,
E-Adams,M/Hastings 1993 (21)} (21. Bxh6 Nb6 $17)) (14. Qe2 Qd7 15. Bd2 Rad8 (
15... Kh7 16. Rad1 f6 17. Be3 Qe7 18. Be4 f5 19. Bf3 (19. Bg2) 19... Rad8 20.
Bg2 g5 21. Nf3 Bf6 22. d4 e4 $15 {Hansen,J-Sogaard,O/Espergarde 1977}) 16. Rad1
Nde7 17. Bc1 g5 18. Nf3 Ng6 19. h4 e4 20. dxe4 Bxc4 21. Rxd7 Bxe2 22. Rxd8 Rxd8
23. Rxe2 gxh4 $11 {Viatte,R-San Marco,B/FRA-chT 1993}) (14. Qc2 Qd7 15. Bd2
Rad8 16. Nf3 Bg4 17. Qb3 b6 18. Qb5 Bf5 19. Bf1 g5 20. h3 f6 21. Rad1 Nde7 $11
{Kharlov,A-Adams,M/New York 1995}) 14... Bf5 {führt zur Zugwiederholung.} ({
Schwarz kann aber auch das Remis ausschlagen:} 14... f6 $5 15. Ne3 (15. Bf1 Bf7
16. Qb3 Nb6 17. Be3 Nxc4 18. dxc4 Rb8 19. Rad1 Qe7 20. Qb5 f5 $11 {Viatte,
R-Santo Roman,M/FRA-chT 1994}) (15. Nfd2 Bf7 16. Qb3 (16. Ne4 f5 17. Ned2 Nde7
18. Qc2 Qd7 19. Na3 Rad8 20. Nb5 g5 $17 {Karasev-Tseshkovsky/Severodonezk 1982}
) (16. Qc2 Qd7 17. Nb1 Rad8 18. Nba3 Nde7 19. Bf1 g5 20. Ne3 b6 $15 {Weiss,
S-Martinovsky,E/Hamburg 1997}) 16... b6 17. Qc2 Qd7 18. b3 Rad8 19. Bb2 Nde7
20. Bf1 Be6 21. Ne3 Bh3 22. Ng2 $11 {Mazi-Sher/Ljubljana/1997}) (15. h4 Qd7 16.
Qb3 Rad8 17. Qb5 b6 18. Bf1 Bf7 19. Bd2 Nb8 20. Qxd7 Nxd7 $11 {Keene,
R-Andersson,U/Palma de Mallorca 1971}) (15. Qc2 Bf7 (15... Qd7 16. Bd2 Nde7 17.
Rad1 Rad8 18. Bc1 g5 19. Qb3 f5 20. Rd2 Qc8 21. h4 g4 22. Nh2 b6 $11 {
Hickl-Nogueiras/Zagreb izt/1987}) 16. Bd2 Qd7 17. Rad1 Rad8 18. Bc1 f5 19. Na3
g5 20. h4 g4 21. Nd2 Nf6 22. Ndc4 $11 {Weindl,A-Sher,M/Wangs Pizol 1996}) 15...
f5 (15... Nb6 16. Nh4 Kh7 17. f4 exf4 18. gxf4 f5 19. Nf3 Ne7 20. Nf1 Ned5 21.
Be3 Qd6 22. Ne5 c5 $17 {Kempys-Shmuter/Miedzybrodzie/1991}) (15... Kh7 16. d4
e4 17. Nh4 (17. Nxd5 Bxd5 18. Nd2 $11) 17... f5 18. f3 exf3 19. Nxf3 Qd7 20.
Nxd5 Bxd5 21. Be3 Re7 $15 {Gadjilu,R-Kozlov,V/Voskresensk2 1993}) 16. d4 e4 17.
Nxd5 Qxd5 18. Nd2 Rad8 19. Qe2 Bf7 20. Qb5 Na7 21. Qxd5 Bxd5 22. Bf1 $11 {
Balashov-Romanishin/Berlin/1990}) (14... Bg4 {scheint weniger geeignet, da
Weiß nach} 15. h3 Bf5 {den nützlichen Zug h2-h3 geschenkt bekam 
(Leonardo-Santos/Lisboa 1992).}) 15. Nh4 Be6 16. Nf3 $11) (13. h3 $5 Nb6 (13...
g5 $5) 14. Nxb6 cxb6 15. Be3 Qxd3 (15... Bxd3 $2 16. Qb3 Ra6 17. Red1 Qf6 18.
Rxd3 e4 19. Rd4 exf3 20. Rf4 Qe7 21. Bf1 $18 {Polugaevsky,L-Thorsteins,K/
Akureyri 1988}) 16. Bxb6 Qa6 $1 17. Be3 Bd3 18. Nd2 e4 19. Qb3 Re6 20. h4 $1 h5
$6 (20... Rae8 $142) 21. Bh3 Ree8 22. Bf4 Re7 23. Bg5 Re5 24. Rad1 Rae8 25. Bd7
$14 {Polugaevsky,L-Fernandez Garcia,J/Logrono 1991}) 13... Qd7 $146 (13... Nb6
14. Nxb6 cxb6 15. Bf1 Qc7 (15... Re6 $2 16. Nh4 Rd6 17. Nxf5 gxf5 18. Qh5 $16 {
Mowsziszian,K-Roeber,B/Nuernberg 1996}) (15... Re7 $5 {[%cal Ye7d7]}) 16. Be3
Be6 17. Qc1 Kh7 18. Nd2 f5 19. f4 exf4 20. Bxf4 Qf7 21. Be3 Ne5 22. h3 Bd5 23.
Qd1 Bc6 24. Qb3 Qc7 25. Kf2 g5 (25... Rad8 $5) 26. Bxb6 $16 {Mowsziszian,
K-Gomez Esteban,J/Barbera 1996}) (13... Ra6 14. Rb3 Nb6 15. Nxb6 Rxb6 16. Rxb6
cxb6 17. Bf1 Re7 18. Nh4 Be6 19. Be3 Rd7 20. Qc2 Ne7 21. Nf3 Qc7 22. Qc1 Nf5
23. Nd2 Nxe3 24. fxe3 f5 25. d4 Kh7 26. b3 Re7 27. Bg2 Bf7 28. d5 $14 {
Mowsziszian-Michaelsen/Hamburg-ch/1992}) 14. Rb3 b6 {Nimmt dem Rb3 das Ziel
weg. Nun fragt man sich, was der Rb3 eigentlich dort will. Das einzige
Zugeständnis von b6 ist die Schwächung der Diagonalen h1-a8.} (14... Nb6 15.
Nxb6 cxb6 {führt zu Bildern aus den oben zitierten Partien Mowsziszians.}) 15.
Rb5 {[%cal Rb5d5] Damit geht Weiß natürlich ein erhebliches Risko ein, denn
der R bewegt sich auf feindlichem Territorium. Der Zug ist aber konsequent,
denn sonst wäre der Rb3 einfach schlecht plaziert.} Be6 (15... Bg4 16. h3 $14)
16. Nfxe5 {Mit ruhigen Zügen ist Weiß nicht gedient.} (16. Bxh6 $5 Bxh6 17.
Nfxe5 Nxe5 18. Nxe5 Qd6 19. c4 Nb4 20. Bxa8 Rxa8 21. d4 $13 {Eine
Hochspannungsstellung mit unsicherem Ausgang.}) 16... Nxe5 17. Nxe5 Bxe5 18.
Rxe5 c6 19. Rbxd5 $2 ({Besser erscheint es, den Rb5 auf dem Brett zu lassen:} 
19. Bxd5 Bxd5 (19... cxd5 20. Bxh6 $16) 20. Rexd5 cxd5 21. Bxh6 $14) 19... Bxd5
20. Rxd5 $2 {Ein Qualitätsopfer war genug.} (20. Rxe8+ Rxe8 21. Bxd5 Qxd5 (
21... cxd5 22. Bxh6 $11) 22. Bxh6 $11 {Materiell sieht die Sache nicht
schlecht aus für Weiß; eine (direkte) Invasion in der e-Linie kann unterbunden
werden. Dennoch scheint mir, daß langfristig eher Schwarz über Möglichkeiten
verfügt, Ärger zu stiften.}) 20... cxd5 21. Bxh6 b5 22. h4 (22. c4 dxc4 23.
Bxa8 Rxa8 24. axb5 cxd3 $17) 22... bxa4 $19 23. h5 Rab8 24. Qd2 Qe6 25. Qg5
Rxb2 26. hxg6 Qxg6 27. Qxg6+ fxg6 28. Bxd5+ Kh7 29. Be3 a3 30. Bc5 a2 0-1

[Event "Mitropa Cup 19th"]
[Site "Baden"]
[Date "1999.04.02"]
[Round "2"]
[White "Huebner, Robert"]
[Black "Pavasovic, Dusko"]
[Result "1/2-1/2"]
[WhiteElo "2585"]
[BlackElo "2502"]
[PlyCount "179"]
[EventDate "1999.04.??"]
[EventType "team-tourn"]
[EventRounds "9"]
[EventCountry "SUI"]
[Source "ChessBase"]
[SourceDate "1999.08.01"]

1. c4 e6 2. Nf3 d5 3. d4 c6 4. Nbd2 f5 5. g3 Nf6 6. Bg2 Bd6 7. b3 Nbd7 8. Bb2
b6 9. O-O O-O 10. e3 a5 11. Ne5 Bb7 12. Rc1 Rc8 13. Qe2 Qe7 14. Rc2 a4 15. Rfc1
a3 16. Ba1 Bb4 17. cxd5 Nxe5 18. d6 Nf3+ 19. Bxf3 Qxd6 20. Nc4 Qc7 21. Bc3 Be7
22. Be1 Nd5 23. e4 fxe4 24. Bxe4 Bf6 25. Nxa3 Qe7 26. Nc4 Bxd4 27. Bxh7+ Kxh7
28. Qe4+ Rf5 29. Qxd4 c5 30. Qd3 Rd8 31. Rd1 Qf7 32. Rcd2 Qh5 33. h4 Nf4 34.
Qe3 Rxd2 35. Rxd2 Qg4 36. Nd6 Re5 37. f3 Nh3+ 38. Kh2 Qxf3 39. Qxf3 Bxf3 40.
Bf2 Nxf2 41. Rxf2 Bd5 42. g4 Re1 43. Rd2 Rf1 44. Re2 Kg6 45. Nc4 b5 46. Ne5+
Kh6 47. Kg3 Rg1+ 48. Kf4 Rf1+ 49. Kg3 Rg1+ 50. Kf4 c4 51. bxc4 bxc4 52. Ke3 Rh1
53. Rc2 Re1+ 54. Re2 Rh1 55. Rc2 Rxh4 56. Kf4 g5+ 57. Kg3 Rh1 58. Nxc4 Rg1+ 59.
Kh3 Ra1 60. Ne5 Re1 61. Nc6 Re3+ 62. Kh2 Re4 63. Kg3 Ra4 64. Ne5 Ra3+ 65. Kf2
Bxa2 66. Rc7 Ra5 67. Nc4 Ra4 68. Ne3 Kg6 69. Rc8 Kf6 70. Rc5 Rf4+ 71. Kg3 Re4
72. Kf3 Re5 73. Rxe5 Kxe5 74. Nd1 Kd4 75. Nf2 Bd5+ 76. Kg3 Ke5 77. Nd3+ Kf6 78.
Nc5 Bc6 79. Nd3 Bb5 80. Nf2 Bc6 81. Nd3 Be4 82. Nc5 Bc2 83. Nd7+ Ke7 84. Ne5
Be4 85. Kf2 Bc2 86. Ke3 Bd1 87. Kd4 Be2 88. Ke4 Bb5 89. Kd4 Be8 90. Ke4 1/2-1/2

[Event "Mitropa Cup 19th"]
[Site "Baden"]
[Date "1999.04.02"]
[Round "2"]
[White "Jelen, Igor"]
[Black "Naumann, Alexander"]
[Result "1/2-1/2"]
[WhiteElo "2389"]
[BlackElo "2480"]
[Annotator "Krasenkow,M"]
[PlyCount "127"]
[EventDate "1999.04.??"]
[EventType "team-tourn"]
[EventRounds "9"]
[EventCountry "SUI"]
[Source "ChessBase"]
[SourceDate "1999.08.01"]

1. d4 Nf6 2. c4 g6 3. Nc3 d5 4. cxd5 Nxd5 5. e4 Nxc3 6. bxc3 Bg7 7. Nf3 c5 8.
Rb1 O-O 9. Be2 cxd4 10. cxd4 Qa5+ 11. Bd2 Qxa2 12. O-O Na6 {This Atalik's
innovation looks very suspicious. Of course, it is important to control the b4
and c7 points but what about Tarrasch's "Springer am Rande"? After all, a6 is
a much more passive square for the knight than a5.} 13. Qc1 $5 {A good idea.
White needn't hurry to "refute" Black's play. The most important thing is not
to allow the a6 knight to enter the game.} (13. Bg5 h6 14. Bh4 g5 15. Bg3 Rd8
$2 (15... Bg4 $1 16. Rxb7 Rfd8 {Atalik}) 16. Rc1 (16. Ne5 $1 {Atalik}) 16...
Bg4 17. Bc4 Qb2 18. Rb1 Qxd4 19. Nxd4 Bxd1 20. Nf5 Bc2 21. Rxb7 Bxe4 22. Nxe7+
Kf8 23. Nc6 Bxc6 24. Rxf7+ Kg8 25. Rxa7+ Kh8 26. Rxa6 Rxa6 27. Bxa6 Ra8 28. Bd3
Ra1 {1/2-1/2 Oll,L-Atalik,S/Maroczy mem 1997 (38)}) (13. Be3) (13. Re1) 13...
Qe6 14. Re1 Qd6 15. Bf4 Qd8 16. Rd1 Nb8 {It seems that Black is putting up
pieces for a new game. His opening strategy has completely failed. But,
amazingly, no development means no weaknesses (a century-old Steinitz's
concept)! So, it is not easy for White to convert his advantage into something
permanent.} 17. d5 b6 18. Bc7 {But now White unnecessarily forces the game.} (
18. d6 Bb7 (18... Re8 19. Bg5) 19. dxe7 Qxe7 20. Bd6 Qxe4 21. Bxf8 Bxf8 22. Bc4
$1 $16 {[%csl Rf7]}) (18. Ne5 $1 {[%cal Ye5c6] was probably the simplest way
to fix White's advantage, e.g.} Bxe5 19. Bxe5 Ba6 20. Bg4 $16) 18... Qd7 19.
Bb5 Qg4 20. Qe3 Ba6 21. Ba4 b5 22. Bxb5 $6 (22. Bb3 $1 $16) 22... Bxb5 23. Rxb5
Qd7 {Did White overlook this?} 24. Rxb8 {White must give up all his
development advantage exchanging Black's Nb8 and Ra8} (24. Rb7 Na6 25. Rc1 Rfc8
26. Qf4 Nxc7 27. Rcxc7 Rxc7 28. Rxc7 Qd6) 24... Rfxb8 25. Bxb8 Rxb8 $11 26. h3
{White still plays for a win and quickly gets into trouble.} (26. Qc5 $11 {
stopping the a7 pawn}) 26... a5 27. e5 a4 {Black must push this pawn as
quickly as possible to meet White's attack in the centre.} 28. Rd4 Rb3 29. Qf4
$6 (29. Qe4 $1) 29... a3 30. e6 fxe6 31. dxe6 Qe8 32. Ra4 h6 33. Qe4 Kh7 {
[%cal Ye8b5,Yb5d3]} 34. Nh4 $2 {[%cal Ra4a8] Pressing too hard for a win but
after} (34. Nd2 Rc3 {Black is also better}) 34... Bf6 $1 35. Ra8 Qxa8 $2 (35...
Rb4 $1 {was the refutation of White's play, e.g.} 36. Qc2 (36. Qxb4 Qxa8 37.
Qg4 Bg5 $19) (36. Qf3 Rb1+ $1 37. Kh2 Rb8) 36... Rc4 $1 37. Qd3 a2 $1 {and
White has nothing better than} 38. Nxg6 Rc1+ 39. Kh2 Qxg6 40. Qxg6+ Kxg6 41.
Rxa2 {but the endgame is lost for him. After the text move it is White who
obtains some winning chances.}) 36. Qxa8 (36. Qxg6+ $11) 36... Bxh4 37. Qa4
Rb1+ 38. Kh2 Bxf2 39. Qxa3 Bh4 40. Qa4 Bf6 41. Qe8 g5 $6 (41... h5 $11) 42.
Qf7+ Kh8 43. Qg6 Rb4 (43... Be5+ $6 44. g3 Rb2+ 45. Kg1 Bf6 $8) 44. Qxh6+ Kg8
45. Qg6+ Kh8 46. Kg3 Rf4 47. Kh2 Rd4 48. Kg1 Rd6 49. Qf7 Rd2 50. Kf1 Rd4 51.
Ke2 Rc4 52. g4 Rc5 53. Kd2 Rd5+ 54. Kc2 Rc5+ 55. Kb1 Re5 56. Kc2 Rc5+ 57. Kd3
Re5 58. Kc4 Re4+ 59. Kc5 Re3 60. Kd5 Rxh3 61. Ke4 Rh1 62. Kf5 Rh6 {A mutual
zugzwang but White can't pass the move to Black.} 63. Ke4 Rh1 64. Kf5 1/2-1/2

[Event "Mitropa Cup 19th"]
[Site "Baden"]
[Date "1999.04.02"]
[Round "2"]
[White "Jenni, Florian"]
[Black "Gyimesi, Zoltan"]
[Result "1-0"]
[WhiteElo "2394"]
[BlackElo "2529"]
[Annotator "Donev"]
[PlyCount "51"]
[EventDate "1999.04.??"]
[EventType "team-tourn"]
[EventRounds "9"]
[EventCountry "SUI"]
[Source "ChessBase"]
[SourceDate "1999.08.01"]

1. e4 e5 2. Nf3 Nc6 3. Bb5 a6 4. Bxc6 dxc6 5. O-O Qd6 6. d3 Ne7 7. Be3 Ng6 8.
Nbd2 Be7 {Der ungarische Spieler lässt den gefährlichen zentralen Durchbruch
des Weissen zu. Meiner Meinung nach war 8...c5 vorzuziehen:} (8... c5 $5 9. Nc4
Qe6 10. Ng5 Qg4 $1 11. a4 (11. Qxg4 Bxg4 12. a4 $11) 11... Qxd1 12. Rfxd1 f6
$11 {1/2-1/2 Josenhans,D-Renna,T/Nassau 1992/EXT 97 (18)}) 9. d4 (9. Qe2 O-O
10. Nc4 Qe6 11. g3 c5 12. Bd2 b6 13. Rfe1 Bf6 14. Ne3 Ne7 15. b3 a5 16. a4 Bb7
17. Bc3 Rae8 {1/2-1/2 Lombardy,W-Kavalek,L/Oberlin 1975/MCD (17)}) 9... exd4 {
Die weissen Figuren entfalten nach diesem Tausch grosse Aktivität. Vernüftiger
war:} (9... Bg4 10. Nc4 (10. c3 $5) 10... Qe6 11. Ncxe5 Nxe5 12. dxe5 Rd8 13.
Qe2 Qxe5 $1 $11) 10. Nxd4 O-O (10... Ne5 11. h3 c5 12. N4b3 b6 13. f4 Nc6 14.
Qe2 f5 15. Kh2 O-O 16. exf5 Bxf5 17. g4 Bc8 18. Nc4 Qf6 19. Bd2 Bb7 20. Rae1
Rae8 21. Bc3 Qg6 22. Qe6+ Qxe6 23. Rxe6 Nd4 24. Bxd4 Bd5 25. Re5 Bxc4 26. Rfe1
cxd4 27. Rxe7 Rxe7 28. Rxe7 Rxf4 29. Rxc7 Bxb3 30. axb3 d3 31. cxd3 Rf2+ 32.
Kg3 Rxb2 33. Rc3 b5 34. Kf4 b4 35. Rc8+ Kf7 36. Rc7+ Kf8 37. Rc8+ Ke7 38. Rc7+
Kf6 39. Rc6+ Ke7 40. Rxa6 Rxb3 41. Ra7+ {1/2-1/2 Browne,W-Portisch,L/Wijk aan
Zee 1975/MCL (41)}) 11. Nc4 ({Verlockend sieht auch der sofortige Vorstoss} 11.
f4 $5 {aus.} f5 12. Qe2 fxe4 13. Nxe4 Qd5 14. Nc3 Qf7 15. f5 Nh4 16. g4 Bd7 17.
Nf3 Nxf3+ 18. Qxf3 Be6 19. Rad1 Bc4 20. Rf2 Rad8 21. Rfd2 Rxd2 22. Rxd2 Bb4 23.
Bf4 Re8 24. Bg3 {1/2-1/2 Videki,S-Hardicsay,P/HUN 1995/EXT 99 (24)}) 11... Qd8
$6 {Passiv.} (11... Qb4 {hätte versucht werden müssen, obwohl Schwarz nach 12.
b3 Probleme mit der Entwicklung des Bc8 gehabt hätte.}) 12. Qh5 c5 $6 {Es
macht den Anschein, als wäre es dem Nachziehenden gar nicht bewusst, welche
Gefahren ihm in dieser Stellung drohen.} (12... Bf6 $142 13. Rad1 Qe7 14. f3 {
mit dieser Zugfolge wäre die weisse Position zwar vorzuziehen gewesen, aber
einen derart heftigen Angriff wie in der Partie hätte Weiss dadurch nicht in
Szene setzen können.}) 13. Nf5 b6 14. f4 $1 Bb7 (14... Be6 $5 15. Rad1 Qe8) 15.
Nd2 $6 {Weiss ist auf Sicherheit bedacht und deckt vorerst seinen
Zentralbauern. Er hätte aber auch mit 15.Rad1! direkt zur Sache kommen können:}
(15. Rad1 Qe8 16. Rf3 Bxe4 (16... Rd8 17. Re1 Bxe4 18. Rh3 h6 19. Nxg7 $1 Kxg7
20. Qxh6+ Kf6 21. f5 $1 $18) 17. Rh3 h6 18. Nxh6+ $1 gxh6 19. Qxh6 $40 {mit
sehr starkem Angriff.}) 15... Re8 16. Rf3 Bf8 ({Keine Lösung der Problemes
bringt:} 16... Bf6 17. Rh3 h6 (17... Nf8) 18. e5 Qd5 {, denn nach} 19. Rg3 $16
{darf  der Bf6 wegen eines Springeropfers auf g7 nicht von seinem Platze
weichen.}) 17. Rh3 h6 {[%tqu "Weiß am Zug!","","",Nxh6+,"",10]} 18. Nxh6+ $1
gxh6 19. f5 Re5 $2 (19... Qf6 20. Bxh6 Bxh6 21. Qxh6 Qd4+ 22. Kh1 Qg7 (22...
Bxe4 23. Nxe4 Qxe4 24. Rf1 Qxf5 25. Qh7+ Kf8 26. Rhf3 $18) 23. fxg6 fxg6 24.
Qxg7+ Kxg7 25. Re1 $16) (19... Qd6 $142 $5 20. Bxh6 Bxe4 21. Nxe4 Rxe4 22. fxg6
(22. Bxf8 Qd4+ $1 23. Kh1 Qf2 $3 $19) 22... fxg6 23. Qf3 $14) 20. Bxh6 {
logisch und kraftvoll.} Bxh6 21. Qxh6 Qd4+ 22. Kh1 {Droht f6 nebst Matt.} Bxe4
23. fxg6 (23. f6 $2 Bxg2+ 24. Kxg2 Re2+ 25. Kh1 Qxf6 $17) (23. Nxe4 $2 Qxe4 $19
{[%cal Ye4f5,Ye4e1]}) 23... Bxg2+ (23... fxg6 24. Qh7+ Kf8 25. Nxe4 Qxe4 26.
Rf1+ Rf5 27. Rhf3 $18) 24. Kxg2 Re2+ 25. Kh1 Qd5+ (25... Qg7 26. gxf7+ Kf8 27.
Qh8+ $18) 26. Nf3 1-0